000 00848cam a2200265 a 4500
999 _c2890
_d2890
001 1460999
003 GBCCL
005 20241126110442.0
008 860508s1986 nju b 000 0 eng
010 _a 86013064
020 _a0800701933
040 _aDLC
_cDLC
_dDLC
050 0 0 _aBT590.E8
_bC6 1986
082 0 0 _a269.2
_219
_bCOL
100 1 _aColeman, Robert E.,
_d1928-
_95423
245 1 4 _aThe master plan of evangelism /
_cRobert E. Coleman ; with study guide by Roy J. Fish.
260 _aOld Tappan, N.J. :
_bF.H. Revell,
_c1987 printing, c1964.
300 _a126, 64 p. ;
_c21 cm.
500 _a"Power books."
504 _aBibliography: p. 61-64 (second group).
600 0 0 _aJesus Christ
_xEvangelistic methods.
_95424
700 1 _aFish, Roy J.
_95847
906 _a7
_bcbc
_corignew
_d1
_eocip
_f19
_gy-gencatlg
942 _2ddc
_cBK
_022